LEADER 01226nam a2200265 4500 001 000000343061 003 CaOOAMICUS 005 20241120165017.0 008 201123s2020 fr 000 u fre r 020 $a978-2-251-45071-1 040 $aSeMil$bita 245 04$aLes Ottomans par eux-mêmes / $csous la direction d'Elisabetta Borromeo et Nicolas Vatin. 264 1$aParis :$bLes Belles Lettres,$c2020. 300 $a480 p. ;$c24 cm 500 $aContiene traduzione di testi dall'arabo, dal turco, dall'armeno, dal greco e dall'ebraico 650 4$aImpero ottomano <1299-1922> - Condizioni sociali.$0(OLS)http://semarc/subject/49672 650 4$aImpero ottomano <1299-1922> - Storia.$0(OLS)http://semarc/subject/44579 700 1 $aVatin, Nicolas.$0(OLS)http://semarc/name/112484 700 1 $aBorromeo, Elisabetta.$0(OLS)http://semarc/name/112483 850 $aSeMil 852 $aSeMil$W1$xVenegono$y1$m3T V 151$j252467$B234040$CSeMilBibl$Z2$F234040 $81 996 $6020$a978-2-251-45071-1$9(OLS)http://semarc/number/291689 996 $6245$aLes Ottomans par eux-mêmes / $9(OLS)http://semarc/title/432019 996 $6264$aParis :$bLes Belles Lettres$9(OLS)http://semarc/publisher/30422 LEADER 01397nam a2200265 i 4500 001 000000184237 003 CaOOAMICUS 005 20250121151615.0 008 091222s1966 it u000 u ita u 040 $aSeMil$bita 100 1 $aMeersseman, Gilles-Gérard,$c.$0(OLS)http://semarc/name/202 245 10$aManuale di computo con ritmo mnemotecnico dell'arcidiacono Pacifico di Verona (+ 844) /$cG. G. Meersseman, E. Adda. 264 1$aPadova :$bAntenore,$c1966. 300 $aXI, 193 p., [16] carte di tav. ;$c25 cm. 490 1 $aItalia sacra : studi e documenti di storia ecclesiastica ;$v6 650 4$aPacifico: da Verona